Návrh zefektívňovania tvorby a implementácie marketingovej stratégie v podniku

Salvato in:
Dettagli Bibliografici
Autore principale: Lehutová, Monika, 1989- (Autore)
Altri autori: Šalgovičová, Jarmila, 1950- (Relatore della tesi)
Natura: Manoscritto Libro
Lingua:slovacco
Pubblicazione: Trnava : STU v Bratislave MTF UMAT, 2013
Soggetti:
Accesso online:VAIS
Tags: Aggiungi Tag
Nessun Tag, puoi essere il primo ad aggiungerne!!

MARC

LEADER 00000ntm a22000003a 4500
001 stu268272
005 20160719160726.2
008 130613s2013----xo------------------slo-d
040 |a STU  |b slo 
041 0 |a slo 
044 |a xo 
100 1 |a Lehutová, Monika,  |d 1989-  |4 aut  |X 59988  |7 A000059988 
242 0 0 |a Improvement proposal for more efficient creation and implementation of marketing strategy in a company  |y eng 
245 1 |a Návrh zefektívňovania tvorby a implementácie marketingovej stratégie v podniku 
260 |a Trnava :  |b STU v Bratislave MTF UMAT,  |c 2013 
650 7 |a Engineering of Production Quality  |2 estusub 
650 7 |a marketing strategy  |2 estusub 
650 7 |a marketing  |2 estusub 
650 7 |a customer  |2 estusub 
650 7 |a satisfaction  |2 estusub 
650 7 |a podnik  |2 stusub 
650 7 |a zákazník  |2 stusub 
650 7 |a marketingová stratégia  |2 stusub 
700 1 |a Šalgovičová, Jarmila,  |d 1950-  |4 ths  |u M4000  |U MTF Materiálovotechnologická fakulta  |T MTF Ústav priemyselného inžinierstva a manažmentu  |X 1492  |U M4000  |Y 84  |7 A000001492 
856 4 |a info a plný text  |u http://is.stuba.sk/zp/portal_zp.pl?podrobnosti=90339  |3 VAIS 
996 |c M*DP-11230  |l MMSKP  |s P  |a 0  |w stu268272_0001